000
00245nam a22001097a 4500
082
_a
629.134353 SMI'A
100
_a
SMITH, C. W
_9
80308
245
_a
AIRCRAFT GAS TURBINES
260
_a
NEWYORK
_b
JOHN WILEY
_c
1956
300
_a
448P
942
_c
BK
999
_c
585258
_d
585258